[Event "Manaus P10 Challenge 4th"]
[Site "Manaus"]
[Date "2023.12.02"]
[Round "3"]
[White "Mesquita, Eduardo Barbosa"]
[Black "E Souza, Andre H Montenegro"]
[Result "1-0"]
[WhiteElo "1971"]
[BlackElo "1550"]
[PlyCount "74"]
[EventDate "2023.12.01"]
[EventType "tourn"]
[EventRounds "9"]
[EventCountry "BRA"]
[SourceTitle "CB51_2023"]
[SourceDate "2023.12.20"]
[SourceVersion "1"]
[SourceVersionDate "2023.12.20"]
[SourceQuality "1"]

1. e4 c5 2. Nf3 d6 3. d4 cxd4 4. Nxd4 Nf6 5. Nc3 a6 6. f3 e5 7. Nb3 Be6 8. Be3 Be7 9. Qd2 b5 10. g4 Nc6 11. 0-0-0 Rc8 12. Nd5 Bxd5 13. exd5 Nb8 14. h4 Qc7 15. Kb1 Nfd7 16. f4 0-0 17. Bd3 Rfe8 18. g5 Bf8 19. Bf5 Rcd8 20. h5 exf4 21. Bxf4 Ne5 22. Nd4 Nbd7 23. Ne2 Nb6 24. Rh3 Nbc4 25. Qe1 b4 26. Qg3 Nxb2 27. Kxb2 Nc4+ 28. Kc1 Rxe2 29. Bxh7+ Kh8 30. Bd3 Ree8 31. g6 Ne5 32. Bxe5 Rxe5 33. Rg1 f5 34. h6 gxh6 35. Qg5 Rde8 36. g7+ Bxg7 37. Rxh6+ Bxh6 1-0

[Event "Manaus op 2nd"]
[Site "Manaus"]
[Date "2023.10.16"]
[Round "8"]
[White "E Souza, Andre H Montenegro"]
[Black "Liborio, Cibelly Curte"]
[Result "0-1"]
[WhiteElo "1785"]
[BlackElo "1056"]
[PlyCount "122"]
[EventDate "2023.10.11"]
[EventType "swiss"]
[EventRounds "9"]
[EventCountry "BRA"]
[SourceTitle "Mega2024 Update 01"]
[Source "Chessbase"]
[SourceDate "2023.11.12"]
[SourceVersion "1"]
[SourceVersionDate "2023.11.12"]
[SourceQuality "1"]

1. e4 e5 2. Nf3 Nc6 3. Bc4 Bc5 4. c3 Nf6 5. d3 d6 6. 0-0 h6 7. a4 a6 8. Nbd2 Ne7 9. Re1 Ng6 10. b4 Ba7 11. Nf1 Nh5 12. h3 Ngf4 13. Bxf4 exf4 14. d4 0-0 15. N3h2 Qg5 16. Ng4 Be6 17. Bd3 f5 18. exf5 Bxf5 19. Bxf5 Rxf5 20. Nd2 Nf6 21. Qf3 d5 22. Re6 Kf7 23. Rae1 Re8 24. R6e5 c6 25. Qd3 Rexe5 26. Rxe5 Rxe5 27. Nxe5+ Kg8 28. Qe2 Qf5 29. Nd3 Ne4 30. Nb1 f3 31. Qxf3 Qxf3 32. gxf3 Ng5 33. Kg2 Bb8 34. a5 Kf7 35. Nc5 Ne6 36. Nxb7 Kf6 37. Nc5 Nxc5 38. dxc5 Ke6 39. h4 Kf5 40. Kh3 h5 41. Nd2 Bf4 42. Nf1 Ke5 43. Ne3 g6 44. Kg2 d4 45. cxd4+ Kxd4 46. Nc2+ Kc3 47. Ne1 Bd2 48. Kf1 Kxb4 49. Nd3+ Kxa5 50. Ne5 Kb5 51. Nxg6 a5 52. Ke2 Bh6 53. f4 a4 54. Kd1 Kxc5 55. f5 a3 56. Kc2 Kb4 57. f6 c5 58. f4 c4 59. f7 c3 60. Ne5 a2 61. Nd3+ Ka3 0-1

[Event "Manaus op 2nd"]
[Site "Manaus"]
[Date "2023.10.15"]
[Round "7"]
[White "Pessoa, Hudson Anselmo"]
[Black "E Souza, Andre H Montenegro"]
[Result "1-0"]
[WhiteElo "1793"]
[BlackElo "1785"]
[PlyCount "115"]
[EventDate "2023.10.11"]
[EventType "swiss"]
[EventRounds "9"]
[EventCountry "BRA"]
[SourceTitle "Mega2024 Update 01"]
[Source "Chessbase"]
[SourceDate "2023.11.12"]
[SourceVersion "1"]
[SourceVersionDate "2023.11.12"]
[SourceQuality "1"]

1. d4 e6 2. c4 f5 3. g3 Nf6 4. Bg2 d5 5. Nh3 c6 6. 0-0 Bd6 7. b3 Qe7 8. a4 a5 9. Ba3 Bxa3 10. Nxa3 Na6 11. Nc2 Nb4 12. Nxb4 Qxb4 13. Qc2 0-0 14. f3 Bd7 15. Kh1 Rac8 16. Nf2 Qd6 17. Rad1 Be8 18. e4 fxe4 19. fxe4 Qd8 20. e5 Nd7 21. Nh3 Bg6 22. Qd2 Qb6 23. Qe3 Qb4 24. c5 Bc2 25. Rxf8+ Rxf8 26. Rd2 Qxb3 27. Qxb3 Bxb3 28. Rb2 Bxa4 29. Rxb7 Rd8 30. Ra7 Bb5 31. Rxa5 Re8 32. Ra7 Nf8 33. Nf4 Ng6 34. Nh5 Re7 35. Ra8+ Kf7 36. h4 Be2 37. Nf4 Nxf4 38. gxf4 Kg6 39. Kh2 Kh5 40. Kg3 Kg6 41. Rc8 Bb5 42. Bh3 Kf7 43. f5 exf5 44. Bxf5 g6 45. Bg4 Re8 46. e6+ Kf8 47. Rc7 Re7 48. Rd7 Ba6 49. Kf4 Rxd7 50. exd7 Ke7 51. Ke5 Bd3 52. d8Q+ Kxd8 53. Kd6 Bb5 54. Bd7 h6 55. Bxc6 Bxc6 56. Kxc6 g5 57. hxg5 hxg5 58. Kxd5 1-0

[Event "Manaus op 2nd"]
[Site "Manaus"]
[Date "2023.10.14"]
[Round "6"]
[White "E Souza, Andre H Montenegro"]
[Black "De Lima, Paulo Isaac Assis"]
[Result "0-1"]
[WhiteElo "1785"]
[BlackElo "1866"]
[PlyCount "84"]
[EventDate "2023.10.11"]
[EventType "swiss"]
[EventRounds "9"]
[EventCountry "BRA"]
[SourceTitle "Mega2024 Update 01"]
[Source "Chessbase"]
[SourceDate "2023.11.12"]
[SourceVersion "1"]
[SourceVersionDate "2023.11.12"]
[SourceQuality "1"]

1. e4 e5 2. Nf3 Nf6 3. Nc3 Nc6 4. Bc4 Bc5 5. d3 h6 6. 0-0 0-0 7. a4 d6 8. Ne2 Bg4 9. Ng3 Nd4 10. c3 Nxf3+ 11. gxf3 Bh3 12. Re1 a5 13. d4 Ba7 14. Be3 c6 15. Qd2 Nh7 16. Rad1 Qf6 17. f4 exf4 18. Bxf4 g5 19. Be3 Qf3 20. Bf1 Bxf1 21. Rxf1 Rae8 22. Rfe1 d5 23. e5 f6 24. exf6 Nxf6 25. Qe2 Ng4 26. Qxf3 Rxf3 27. Rd2 Bb8 28. Rde2 Nxe3 29. Rxe3 Rexe3 30. Rxe3 Rxe3 31. fxe3 Bxg3 32. hxg3 h5 33. Kg2 Kf7 34. b3 Ke6 35. Kf3 Kf5 36. c4 b6 37. c5 bxc5 38. dxc5 Ke5 39. Kf2 d4 40. exd4+ Kxd4 41. b4 axb4 42. a5 Kxc5 0-1